=LDR 00000nam 2200000 4500 =001 INLIS000000000047737 =005 20160215103204.0 =006 =007 =008 =035 ##$$0010-021600000000125 =040 ##$$a NPBDMAT =082 ##$$a 342.05 =090 ##$$a 342.05 $b Ind m =100 ##$$a Indonesia =245 ##$$a Materi Sosialisasi Putusan Majelis Permusyawaratan Rakyat Republik Indonesia : Ketetapan MPR RI dan Keputusan MPR RI/ Indonesia =260 ##$$a Jakarta : $b Sekretariat Jendral MPR RI, $c 2005 =300 ##$$a xvii, 87 hlm $c 23 cm =650 ##$$a Ketetapan MPR RI =700 ##$$a Majelis Permusyawaratan Rakyat